000 01174na a2200289 4500
001 16056
003 MIRAKIL
005 20181213155225.0
008 161005b tu 000 0
020 _a9786051520971
035 _a16056
040 _aMilas
_btur
_cTR-AnCHP
041 _atur
082 _a352.0956226
_bÇ64b 2014
090 _a352.0956226 Ç64b 2014
100 _aÇolak, Nusret İlker
245 _aBüyükşehir belediyelerinin görev ve sorumlulukları bağlamında İstanbul analizi-I
_cNusret İlker Çolak
260 _aİstanbul
_bOn İki Levha Yayıncılık
_c2014
300 _a861 s.
_btbl.
_c23 sm.
490 _aOn İki Levha Yayıncılık
_v411
505 _aTarihçe ve Coğrafi Konum; Nüfus Analizi ; Sosyal Yaşam Analizi; Teknik ve Sosyal Altyapı Analizi; Siyasi analiz; Ekonomik Durum ve Sanayi Yapılanması; Sorunlar, Çözümler ve Projeler
650 _aBüyükşehir belediyesi
_xKentsel politika
_zİstanbul
650 _aİstanbul
_xSosyo ekonomik durum
650 _aSiyaset ve yönetim
_xYerel yönetimler
_zİstanbul Büyükşehir Belediyesi (İBB)
650 _aBüyükşehir belediyesi
_zİstanbul
942 _2ddc
_cBKS
999 _c8837
_d8837